| 000 | 00666nam a22002177a 4500 | ||
|---|---|---|---|
| 999 |
_c7207 _d7207 |
||
| 001 | 1294 | ||
| 003 | BD-DhUAP | ||
| 005 | 20210117145517.0 | ||
| 008 | 210117s1993 nyu||||| |||| 001 0 eng d | ||
| 020 | _a0078817935 | ||
| 040 |
_aBD-DhUAP _bEng _cBD-DhUAP _dBD-DhUAP |
||
| 082 |
_223 _a005.262 OBR |
||
| 100 | _aO'Brien, Stephen K. | ||
| 245 |
_aTurbo Pascal 7 : _bthe complete reference / _cStephen K O'Brien and Steven Nameroff. |
||
| 260 |
_aBerkeley : _bOsborne McGraw-Hill, _c©1993. |
||
| 300 |
_axxii, 808 pages ; _c23 cm. |
||
| 500 | _aIncludes index. | ||
| 650 | _aPascal (Computer program language). | ||
| 700 | _aNameroff, Steven. | ||
| 942 |
_2ddc _cBK |
||